000 00533nam a2200157Ia 4500
008 100204s9999 xx 000 0 und d
082 _b17787
100 _aलाला आर. एम.
245 _aजे. आर . डी. टाटा
260 _b"उत्कर्ष प्रकाशन, पुणे"
_c1994
300 _a246
630 _aजे. आर . डी. टाटा
700 _aउर्ध्वरेषे बाळ
730 _aजे. आर . डी. टाटा
942 _cBOOK
999 _c462210
_d462207